Normal view
MARC view
Entry Personal Name
001 - CONTROL NUMBER
- control field: 57438
003 - CONTROL NUMBER IDENTIFIER
- control field: OSt
005 - DATE AND TIME OF LATEST TRANSACTION
- control field: 20251017151059.0
008 - FIXED-LENGTH DATA ELEMENTS
- fixed length control field: 251017|| aca||aabn | a|a d
040 ## - CATALOGING SOURCE
- Original cataloging agency: OSt
- Transcribing agency: OSt
100 ## - HEADING--PERSONAL NAME
- Personal name: Nawa, Ahmad and Kumar, Bipul
670 ## - SOURCE DATA FOUND
- Source citation: Work cat.: (OSt): Nawa, Ahmad and Kumar, Bipul , Justice delivery at grassroots level in Bihar: A study of gram Katchahry
